000 00690nam a2200289Ia 4500
005 20260324131029.0
008 008 260324s9999 xx 000 0 eng d
020 _a9781315239880
037 _aEBOOK
040 _aCRL
040 _beng
040 _cCRL
041 _2eng
041 _aeng
084 _qCRL
100 _aDavid Rodin; Richard Sorabji
_91183955
245 4 _aThe Ethics of War
245 0 _bShared Problems in Different Traditions
260 _bTaylor and Francis
260 _c2006
365 _a
365 _b275
856 _uhttp://www.taylorfrancis.com/books/9781315239880
942 _cEBOOK
999 _c1780753
_d1780753